Practical statistics for data scientists : (Record no. 609718)

000 -LEADER
fixed length control field 03388cam a22005417i 4500
001 - CONTROL NUMBER
control field 22227145
003 - CONTROL NUMBER IDENTIFIER
control field NUST
005 - DATE AND TIME OF LATEST TRANSACTION
control field 20240829115733.0
008 - FIXED-LENGTH DATA ELEMENTS--GENERAL INFORMATION
fixed length control field 210909t20202020caua e b 001 0 eng
010 ## - LIBRARY OF CONGRESS CONTROL NUMBER
LC control number 2018420845
015 ## - NATIONAL BIBLIOGRAPHY NUMBER
National bibliography number GBC061788
Source bnb
016 7# - NATIONAL BIBLIOGRAPHIC AGENCY CONTROL NUMBER
Record control number 019800669
Source Uk
020 ## - INTERNATIONAL STANDARD BOOK NUMBER
International Standard Book Number 9781492072942
Qualifying information (paperback)
020 ## - INTERNATIONAL STANDARD BOOK NUMBER
International Standard Book Number 149207294X
Qualifying information (paperback)
035 ## - SYSTEM CONTROL NUMBER
System control number (OCoLC)on1158315601
038 ## - RECORD CONTENT LICENSOR
Staff Name azhar
040 ## - CATALOGING SOURCE
Original cataloging agency UTV
Language of cataloging eng
Transcribing agency UTV
Description conventions rda
Modifying agency UTV
-- AHH
-- OCLCF
-- YDXIT
-- UKMGB
-- IBI
-- OCLCO
-- YDX
-- JAS
-- OCL
-- DLC
042 ## - AUTHENTICATION CODE
Authentication code lccopycat
050 00 - LIBRARY OF CONGRESS CALL NUMBER
Classification number QA276.4
Item number .B78 2020
082 04 - DEWEY DECIMAL CLASSIFICATION NUMBER
Classification number 001.422
Edition number 23
Author Mark BRU
100 1# - MAIN ENTRY--PERSONAL NAME
Personal name Bruce, Peter C.,
Dates associated with a name 1953-
Relator term author.
9 (RLIN) 123556
245 10 - TITLE STATEMENT
Title Practical statistics for data scientists :
Remainder of title 50+ essential concepts using R and Python /
Statement of responsibility, etc. Peter Bruce, Andrew Bruce, and Peter Gedeck.
250 ## - EDITION STATEMENT
Edition statement Second edition.
260 ## - PUBLICATION, DISTRIBUTION, ETC.
Place of publication, distribution, etc. Sebastopol, CA :
Name of publisher, distributor, etc. O'Reilly Media, Inc.,
Date of publication, distribution, etc. 2020.
264 #4 - PRODUCTION, PUBLICATION, DISTRIBUTION, MANUFACTURE, AND COPYRIGHT NOTICE
Date of production, publication, distribution, manufacture, or copyright notice ©2020
300 ## - PHYSICAL DESCRIPTION
Extent xvi, 342 pages :
Other physical details illustrations ;
Dimensions 24 cm
336 ## - CONTENT TYPE
Content type term text
Content type code txt
Source rdacontent
337 ## - MEDIA TYPE
Media type term unmediated
Media type code n
Source rdamedia
338 ## - CARRIER TYPE
Carrier type term volume
Carrier type code nc
Source rdacarrier
504 ## - BIBLIOGRAPHY, ETC. NOTE
Bibliography, etc. note Includes bibliographical references (pages 327-328) and index.
505 0# - FORMATTED CONTENTS NOTE
Formatted contents note Exploratory Data Analysis -- Data and Sampling Distributions -- Statistical Experiments and Significance Testing -- Regression and Prediction -- Classification -- Statistical Machine Learning -- Unsupervised Learning.
520 ## - SUMMARY, ETC.
Summary, etc. Statistical methods are a key part of data science, yet few data scientists have formal statistical training. Courses and books on basic statistics rarely cover the topic from a data science perspective. The second edition of this practical guide-now including examples in Python as well as R-explains how to apply various statistical methods to data science, tells you how to avoid their misuse, and gives you advice on what's important and what's not. Many data scientists use statistical methods but lack a deeper statistical perspective. If you're familiar with the R or Python programming languages, and have had some exposure to statistics but want to learn more, this quick reference bridges the gap in an accessible, readable format. With this updated edition, you'll dive into: Exploratory data analysis Data and sampling distributions Statistical experiments and significance testing Regression and prediction Classification Statistical machine learning Unsupervised learning.--
Assigning source Source other than the Library of Congress.
650 #0 - SUBJECT ADDED ENTRY--TOPICAL TERM
Topical term or geographic name entry element Mathematical analysis
General subdivision Statistical methods.
9 (RLIN) 123557
650 #0 - SUBJECT ADDED ENTRY--TOPICAL TERM
Topical term or geographic name entry element Quantitative research
General subdivision Statistical methods.
9 (RLIN) 123558
650 #0 - SUBJECT ADDED ENTRY--TOPICAL TERM
Topical term or geographic name entry element R (Computer program language)
9 (RLIN) 18662
650 #0 - SUBJECT ADDED ENTRY--TOPICAL TERM
Topical term or geographic name entry element Python (Computer program language)
650 #0 - SUBJECT ADDED ENTRY--TOPICAL TERM
Topical term or geographic name entry element Statistics
General subdivision Data processing.
9 (RLIN) 10203
650 #7 - SUBJECT ADDED ENTRY--TOPICAL TERM
Topical term or geographic name entry element Python (Computer program language)
Source of heading or term fast
Authority record control number or standard number (OCoLC)fst01084736
9 (RLIN) 123559
650 #7 - SUBJECT ADDED ENTRY--TOPICAL TERM
Topical term or geographic name entry element R (Computer program language)
Source of heading or term fast
Authority record control number or standard number (OCoLC)fst01086207
9 (RLIN) 18662
650 #7 - SUBJECT ADDED ENTRY--TOPICAL TERM
Topical term or geographic name entry element Statistics
General subdivision Data processing.
Source of heading or term fast
Authority record control number or standard number (OCoLC)fst01132113
9 (RLIN) 10203
650 #7 - SUBJECT ADDED ENTRY--TOPICAL TERM
Topical term or geographic name entry element E-BOOKBANK.SEECSTEXTBOOK
9 (RLIN) 125472
700 1# - ADDED ENTRY--PERSONAL NAME
Personal name Bruce, Andrew,
Dates associated with a name 1958-
Relator term author.
9 (RLIN) 123560
700 1# - ADDED ENTRY--PERSONAL NAME
Personal name Gedeck, Peter,
Relator term author.
9 (RLIN) 123561
856 ## - ELECTRONIC LOCATION AND ACCESS
Uniform Resource Identifier <a href="http://10.250.8.41:8080/xmlui/handle/123456789/41794">http://10.250.8.41:8080/xmlui/handle/123456789/41794</a>
906 ## - LOCAL DATA ELEMENT F, LDF (RLIN)
a 7
b cbc
c copycat
d 2
e ncip
f 20
g y-gencatlg
942 ## - ADDED ENTRY ELEMENTS (KOHA)
Source of classification or shelving scheme
Koha item type Book
Holdings
Withdrawn status Lost status Source of classification or shelving scheme Damaged status Not for loan Permanent Location Current Location Date acquired Total Checkouts Total Renewals Full call number Barcode Checked out Date last seen Date last checked out Price effective from Koha item type
          Central Library (CL) Central Library (CL) 06/12/2024 1 5 001.422 BRU CL-1563 02/21/2025 11/13/2024 11/13/2024 06/12/2024 Book
          Central Library (CL) Central Library (CL) 06/27/2024     280 SCB SCB-1563   06/27/2024   06/27/2024 Book
© 2023 Central Library, National University of Sciences and Technology. All Rights Reserved.